000 00757nam a2200217 a 4500
001 12869
003 BD-JhCC
005 20230521194049.0
008 230521s2019 b |||| |||| 000 0 b d
020 _a9789849383215
035 _a(BD-JhCC)12869
040 _aBD-JhCC
_dBD-JhCC
041 _aben
082 _a891.4415
_bBAS 2019
100 _aবাশার, আবুল হাসান মুহম্মদ
245 _aশূণ্য চিলেকোঠায় অশ্রু /
_cআবুল হাসান মুহম্মদ বাশার
260 _aঢাকা :
_bপ্রান্ত প্রকাশন,
_c২০১৯
300 _a৪৮ পৃ. :
_c২০ সেমি.
650 _aBengali Poem.
942 _2ddc
_cBK
999 _c12869
_d12869